| 000 | 00877cam a2200217 4500 | ||
|---|---|---|---|
| 001 | J12349 | ||
| 008 | 030616n2002 000 0 eng u | ||
| 035 | _a(Sirsi) u122596 | ||
| 041 | _aeng. | ||
| 050 |
_a711.52 _c18 |
||
| 110 |
_aUniversity of Ulster _93068 |
||
| 245 |
_aFactors affecting the level and form of private investment in regeneration _h[electronic resource] |
||
| 260 |
_aLondon _bODPM _c2002 |
||
| 520 | _aA review of existing evidence and lessons that emerge from previous research on the factors that influence the private sector to invest in regeneration. | ||
| 650 | _aPRIVATE SECTOR INVESTMENT | ||
| 650 | _aURBAN DEVELOPMENT | ||
| 650 | _aGAP FUNDING | ||
| 690 | _aREGENERATION | ||
| 856 |
_uhttps://citeseerx.ist.psu.edu/viewdoc/download?doi=10.1.1.129.3644&rep=rep1&type=pdf _zView the report on the citeseerx.ist.psu.edu website. |
||
| 942 | _n0 | ||
| 999 |
_c102889 _d102889 |
||